Journal on Efficiency and Responsibility in Education and Science

Gespeichert in:
Bibliographische Detailangaben
Format: Schriftenreihe
Sprache:Englisch
Veröffentlicht: Praha Faculty of Economics and Management of Czech University of Life Sciences Prague
Tags: Tag hinzufügen
Keine Tags, Fügen Sie das erste Tag hinzu!

MARC

LEADER 00000nas1a2200000 4500
001 0304849
005 20250701091917.5
022 |a 2336-2375 
022 |a 1803-1617 
041 0 |a eng 
044 |a CZ 
245 1 0 |a Journal on Efficiency and Responsibility in Education and Science 
264 1 |a Praha  |b Faculty of Economics and Management of Czech University of Life Sciences Prague